[Event "Aragon-chT Honor Gr I"]
[Site "Aragon"]
[Date "2021.04.17"]
[Round "5.3"]
[White "Ereza Vizcarra, Fernando"]
[Black "Villalba Embid, Marcos"]
[Result "1/2-1/2"]
[WhiteElo "2103"]
[BlackElo "2020"]
[PlyCount "49"]
[EventDate "2021.03.13"]
[EventType "team-tourn"]
[EventRounds "7"]
[EventCountry "ESP"]
[SourceTitle "EXT 2024"]
[Source "ChessBase"]
[SourceDate "2023.10.10"]
[SourceVersion "1"]
[SourceVersionDate "2023.10.10"]
[SourceQuality "1"]
[WhiteTeam "Jaque Pirenauto"]
[BlackTeam "IberCaja"]
[WhiteTeamCountry "ESP"]
[BlackTeamCountry "ESP"]

1. d4 Nf6 2. c4 g6 3. Nc3 Bg7 4. e4 d6 5. f4 0-0 6. Nf3 c5 7. dxc5 Qa5 8. Bd3 Qxc5 9. Qe2 Nc6 10. Be3 Qa5 11. Rc1 a6 12. h3 b5 13. 0-0 Nb4 14. Nd4 Nxd3 15. Qxd3 bxc4 16. Qxc4 Bb7 17. b4 Qh5 18. Qd3 Rad8 19. Bf2 e5 20. Nde2 exf4 21. Nxf4 Qe5 22. Bd4 Qg5 23. Be3 Qe5 24. Bd4 Qg5 25. Be3 1/2-1/2

[Event "Aragon-chT Honor Gr-II"]
[Site "Aragon"]
[Date "2020.02.29"]
[Round "6.24"]
[White "Villalba Embid, Marcos"]
[Black "Laplaza Ara, Carlos"]
[Result "1-0"]
[WhiteElo "2054"]
[BlackElo "1944"]
[PlyCount "49"]
[EventDate "2020.01.25"]
[EventType "team-tourn"]
[EventRounds "7"]
[EventCountry "ESP"]
[SourceTitle "EXT 2022"]
[Source "ChessBase"]
[SourceDate "2021.10.06"]
[SourceVersion "1"]
[SourceVersionDate "2021.10.06"]
[SourceQuality "1"]
[WhiteTeam "IberCaja"]
[BlackTeam "Huesca Club Atletismo"]
[WhiteTeamCountry "ESP"]
[BlackTeamCountry "ESP"]

1. e4 c5 2. Nf3 d6 3. d4 cxd4 4. Nxd4 Nf6 5. Nc3 a6 6. Be3 e6 7. f3 Be7 8. Qd2 Qc7 9. g4 h6 10. h4 Nc6 11. 0-0-0 Nd7 12. Rh2 Rg8 13. g5 hxg5 14. hxg5 g6 15. f4 b6 16. Bh3 Nxd4 17. Bxd4 Bb7 18. Rg1 0-0-0 19. f5 e5 20. Be3 Kb8 21. f6 Bf8 22. Bxd7 Rxd7 23. Nd5 Bxd5 24. exd5 Kb7 25. Rg4 1-0

[Event "Estadilla op 33rd"]
[Site "Estadilla"]
[Date "2019.05.19"]
[Round "3"]
[White "Garza Marco, Sergio"]
[Black "Villalba Embid, Marcos"]
[Result "1-0"]
[WhiteElo "2385"]
[BlackElo "2041"]
[PlyCount "125"]
[EventDate "2019.05.19"]
[EventType "swiss (rapid)"]
[EventRounds "9"]
[EventCountry "ESP"]
[SourceTitle "EXT 2020"]
[Source "ChessBase"]
[SourceDate "2019.10.17"]
[SourceVersion "1"]
[SourceVersionDate "2019.10.17"]
[SourceQuality "1"]

1. d4 Nf6 2. Nf3 g6 3. Bg5 Bg7 4. c4 0-0 5. Nc3 d6 6. e3 h6 7. Bh4 g5 8. Bg3 Nh5 9. Bd3 f5 10. d5 e5 11. dxe6 Nxg3 12. hxg3 Bxe6 13. Nd4 Bd7 14. Be2 Nc6 15. Nxc6 bxc6 16. Qd2 Qf6 17. 0-0 Rae8 18. Rac1 Qg6 19. Qd1 Re7 20. Bh5 Qf6 21. Bf3 g4 22. Be2 Qg5 23. Bd3 Bxc3 24. Rxc3 h5 25. Re1 h4 26. gxh4 Qxh4 27. g3 Qh5 28. Bf1 Rh7 29. Bg2 Be6 30. Qd4 d5 31. c5 Bc8 32. Ra3 a6 33. Kf1 Qg6 34. Qd3 Qf6 35. Rb3 Be6 36. Qd4 Qxd4 37. exd4 Kf7 38. Rbe3 Re8 39. Kg1 Rhh8 40. Bf1 Bc8 41. Rxe8 Rxe8 42. Rxe8 Kxe8 43. b4 Kf7 44. Bd3 Kf6 45. Kf1 Kg5 46. Ke2 f4 47. Kd2 fxg3 48. fxg3 Bb7 49. Kc3 Bc8 50. Kb3 Bb7 51. Ka4 Bc8 52. Ka5 Bb7 53. a4 Kf6 54. Bxa6 Bxa6 55. Kxa6 Kf5 56. Kb7 Ke4 57. a5 Kxd4 58. a6 Ke3 59. a7 d4 60. a8Q d3 61. Qe8+ Kf2 62. Qd7 Ke3 63. Qxg4 1-0

[Event "Aragon-chT Honor Gr-B"]
[Site "Aragon"]
[Date "2019.02.23"]
[Round "5.24"]
[White "Pellicer Cemeli, Jose Luis"]
[Black "Villalba Embid, Marcos"]
[Result "0-1"]
[WhiteElo "1941"]
[BlackElo "2020"]
[PlyCount "106"]
[EventDate "2019.01.26"]
[EventType "team-tourn"]
[EventRounds "7"]
[EventCountry "ESP"]
[SourceTitle "EXT 2020"]
[Source "ChessBase"]
[SourceDate "2019.10.17"]
[SourceVersion "1"]
[SourceVersionDate "2019.10.17"]
[SourceQuality "1"]
[WhiteTeam "La Aurora Estadilla"]
[BlackTeam "IberCaja"]
[WhiteTeamCountry "ESP"]
[BlackTeamCountry "ESP"]

1. Nf3 d6 2. d4 Nf6 3. g3 g6 4. Bg2 Bg7 5. 0-0 0-0 6. c3 Nbd7 7. Nbd2 e5 8. dxe5 dxe5 9. Qc2 Qe7 10. Ng5 h6 11. Nge4 Ne8 12. c4 f5 13. Nc3 c6 14. b3 e4 15. f3 Bd4+ 16. Kh1 e3 17. Ndb1 Qg7 18. Rd1 c5 19. Rd3 Ne5 20. Rxe3 f4 21. Re4 fxg3 22. e3 Bxc3 23. Qxc3 Nc6 24. hxg3 Qxc3 25. Nxc3 g5 26. Nd5 Nd6 27. f4 Nxe4 28. Bxe4 Bf5 29. Bg2 Rae8 30. Ba3 b6 31. Nc7 Rc8 32. Nd5 Be6 33. fxg5 hxg5 34. Rf1 Rxf1+ 35. Bxf1 Rf8 36. Kg2 Bh3+ 37. Kxh3 Rxf1 38. Kg4 Ne5+ 39. Kxg5 Nd3 40. Nf4 Nxf4 41. exf4 Rf2 42. f5 Rxa2 43. Bc1 Kf7 44. Kf4 Rc2 45. Be3 Rc3 46. g4 Rxb3 47. g5 Rc3 48. Bd2 Rxc4+ 49. Ke5 Rc2 50. g6+ Kg7 51. Bg5 Re2+ 52. Kd6 c4 53. Bf4 c3 0-1

[Event "Aragon-chT Preferente Gr-I"]
[Site "Aragon"]
[Date "2019.01.26"]
[Round "1.50"]
[White "Villalba Embid, Marcos"]
[Black "Fernandez Rubio, Rafael"]
[Result "1/2-1/2"]
[WhiteElo "2020"]
[BlackElo "2054"]
[PlyCount "74"]
[EventDate "2019.01.26"]
[EventType "team-tourn"]
[EventRounds "9"]
[EventCountry "ESP"]
[SourceTitle "EXT 2020"]
[Source "ChessBase"]
[SourceDate "2019.10.17"]
[SourceVersion "1"]
[SourceVersionDate "2019.10.17"]
[SourceQuality "1"]
[WhiteTeam "IberCaja II"]
[BlackTeam "Tauste"]
[WhiteTeamCountry "ESP"]
[BlackTeamCountry "ESP"]

1. e4 d5 2. exd5 Qxd5 3. Nc3 Qa5 4. Bc4 Nf6 5. d3 Bg4 6. f3 Bf5 7. Bd2 c6 8. Qe2 Qc7 9. g4 Bc8 10. Nh3 e6 11. g5 Ng8 12. Ne4 Ne7 13. Ng3 Nd7 14. Bc3 b5 15. Bb3 Bb7 16. Rf1 c5 17. Nh5 Rg8 18. f4 0-0-0 19. 0-0-0 b4 20. Be5 Qa5 21. Ng3 Nc6 22. d4 Ba6 23. Qe4 Ncxe5 24. fxe5 c4 25. Qc6+ Kb8 26. Bxc4 Bxc4 27. Qxc4 Nb6 28. Qb3 Rd7 29. Nf4 Be7 30. h4 Rgd8 31. Nge2 Qb5 32. Qd3 Qc6 33. b3 Bc5 34. Qe3 Bf8 35. Kb1 a5 36. Rc1 a4 37. h5 Ra7 1/2-1/2

[Event "Aragon-chT Preferente Gr II"]
[Site "Aragon"]
[Date "2018.03.03"]
[Round "6.72"]
[White "Garreta Nieto, Maria"]
[Black "Villalba Embid, Marcos"]
[Result "1/2-1/2"]
[WhiteElo "1734"]
[BlackElo "1874"]
[PlyCount "90"]
[EventDate "2018.01.27"]
[EventType "team-tourn"]
[EventRounds "9"]
[EventCountry "ESP"]
[SourceTitle "EXT 2019"]
[Source "ChessBase"]
[SourceDate "2018.10.10"]
[SourceVersion "1"]
[SourceVersionDate "2018.10.10"]
[SourceQuality "1"]
[WhiteTeam "Monzon"]
[BlackTeam "IberCaja II"]
[WhiteTeamCountry "ESP"]
[BlackTeamCountry "ESP"]

1. d4 Nf6 2. c4 g6 3. Nf3 Bg7 4. Nc3 0-0 5. Bg5 d6 6. e3 Nbd7 7. Be2 e5 8. 0-0 h6 9. Bh4 g5 10. Bg3 e4 11. Nd2 Qe7 12. Qc2 Re8 13. Rac1 Nf8 14. Nd5 Qd8 15. Nxf6+ Qxf6 16. Nxe4 Qg6 17. Bd3 f5 18. Nc3 h5 19. h3 h4 20. Bh2 g4 21. hxg4 Qxg4 22. Qe2 Qg6 23. Qf3 Nh7 24. Bf4 c6 25. Kh1 Ng5 26. Bxg5 Qxg5 27. Ne2 c5 28. b3 a5 29. a4 Ra6 30. Rfd1 Rb6 31. Bc2 Rc6 32. Nf4 Rc7 33. dxc5 dxc5 34. Rd6 Bf6 35. Rcd1 Rg7 36. Qh5 Rf8 37. Qxg5 Bxg5 38. Kg1 Bxf4 39. exf4 Rg4 40. Rd8 Be6 41. Rxf8+ Kxf8 42. Rd8+ Ke7 43. Rb8 Rxf4 44. Rxb7+ Kd6 45. Ra7 Rd4 1/2-1/2

[Event "Aragon-chT Preferente Gr II"]
[Site "Aragon"]
[Date "2018.02.17"]
[Round "4.67"]
[White "Gracia Campo, Carlos Alberto"]
[Black "Villalba Embid, Marcos"]
[Result "1-0"]
[WhiteElo "2058"]
[BlackElo "1874"]
[PlyCount "77"]
[EventDate "2018.01.27"]
[EventType "team-tourn"]
[EventRounds "9"]
[EventCountry "ESP"]
[SourceTitle "EXT 2019"]
[Source "ChessBase"]
[SourceDate "2018.10.10"]
[SourceVersion "1"]
[SourceVersionDate "2018.10.10"]
[SourceQuality "1"]
[WhiteTeam "El Olivar II"]
[BlackTeam "IberCaja II"]
[WhiteTeamCountry "ESP"]
[BlackTeamCountry "ESP"]

1. e4 c5 2. Nf3 d6 3. d4 cxd4 4. Qxd4 a6 5. Bc4 Nc6 6. Qd3 Bg4 7. Bf4 Nf6 8. Nc3 Bxf3 9. Qxf3 g6 10. 0-0-0 Qa5 11. Bxd6 Bh6+ 12. Kb1 exd6 13. Qxf6 0-0 14. Qxd6 Bg7 15. Nd5 Rad8 16. Qa3 Qxa3 17. bxa3 Ne5 18. Be2 Nd7 19. f4 Nf6 20. Nxf6+ Bxf6 21. e5 Be7 22. Kb2 Rxd1 23. Rxd1 Rd8 24. Rxd8+ Bxd8 25. Kb3 Kf8 26. Kc4 Ke7 27. Bg4 a5 28. Bc8 b6 29. Kd5 f6 30. Kc6 fxe5 31. fxe5 Kf7 32. h4 h6 33. g4 g5 34. h5 Ke7 35. Bd7 Kf7 36. Kb7 Kf8 37. c4 Ke7 38. Kc8 b5 39. c5 1-0

[Event "Aragon-chT Preferente Gr II"]
[Site "Aragon"]
[Date "2018.02.10"]
[Round "3.60"]
[White "Garcia Estruch, Mauricio"]
[Black "Villalba Embid, Marcos"]
[Result "0-1"]
[WhiteElo "1441"]
[BlackElo "1874"]
[PlyCount "72"]
[EventDate "2018.01.27"]
[EventType "team-tourn"]
[EventRounds "9"]
[EventCountry "ESP"]
[SourceTitle "EXT 2019"]
[Source "ChessBase"]
[SourceDate "2018.10.10"]
[SourceVersion "1"]
[SourceVersionDate "2018.10.10"]
[SourceQuality "1"]
[WhiteTeam "Sabinanigo"]
[BlackTeam "IberCaja II"]
[WhiteTeamCountry "ESP"]
[BlackTeamCountry "ESP"]

1. Nf3 d6 2. d4 Nf6 3. c4 g6 4. Nc3 Bg7 5. e4 0-0 6. Be2 e5 7. 0-0 Nc6 8. d5 Ne7 9. Bg5 Nd7 10. Bd3 h6 11. Be3 f5 12. exf5 gxf5 13. Nh4 e4 14. Be2 Bf6 15. g3 Bxh4 16. gxh4 f4 17. Nxe4 fxe3 18. Bh5 Nf6 19. Nxf6+ Rxf6 20. fxe3 Rxf1+ 21. Qxf1 Bf5 22. e4 Bg6 23. Bg4 Qf8 24. Be6+ Kh7 25. Qe2 Qg7 26. Kh1 Qe5 27. Re1 Rf8 28. Bg4 Rf4 29. Bf3 Rxh4 30. b3 Ng8 31. Qg2 Nf6 32. Rg1 Qe8 33. Qg3 Rxe4 34. Bxe4 Bxe4+ 35. Rg2 Bxg2+ 36. Kxg2 Qg6 0-1

[Event "Aragon-chT Preferente Gr II"]
[Site "Aragon"]
[Date "2018.01.27"]
[Round "1.63"]
[White "Villalba Embid, Marcos"]
[Black "Lopez Lozano, David"]
[Result "1-0"]
[WhiteElo "1874"]
[BlackElo "1722"]
[PlyCount "71"]
[EventDate "2018.01.27"]
[EventType "team-tourn"]
[EventRounds "9"]
[EventCountry "ESP"]
[SourceTitle "EXT 2019"]
[Source "ChessBase"]
[SourceDate "2018.10.10"]
[SourceVersion "1"]
[SourceVersionDate "2018.10.10"]
[SourceQuality "1"]
[WhiteTeam "IberCaja II"]
[BlackTeam "Marcos Frechin II"]
[WhiteTeamCountry "ESP"]
[BlackTeamCountry "ESP"]

1. e4 c5 2. Nf3 Nc6 3. d4 cxd4 4. Nxd4 a6 5. Nc3 g6 6. Be3 Bg7 7. Bc4 Nf6 8. f3 d6 9. Qd2 Nxd4 10. Bxd4 Qc7 11. Bb3 Be6 12. 0-0-0 0-0 13. Kb1 b5 14. h4 Bxb3 15. cxb3 b4 16. Bxf6 exf6 17. Nd5 Qc5 18. h5 Rab8 19. Ne7+ Kh8 20. hxg6 fxg6 21. Rxh7+ Kxh7 22. Rh1+ Qh5 23. Rxh5+ gxh5 24. Qd5 Rb5 25. Qxd6 Rg5 26. Qh2 Rc5 27. Nf5 Bh6 28. a4 Rc1+ 29. Ka2 Rg8 30. Nxh6 Rc2 31. Nf5 Rgxg2 32. Qxh5+ Kg8 33. Qe8+ Kh7 34. Qf7+ Kh8 35. Qxf6+ Kh7 36. Ne3 1-0

[Event "ESP-ch U12"]
[Site "Salobrena Granada"]
[Date "2017.07.10"]
[Round "2"]
[White "Villalba Embid, Marcos"]
[Black "Follana Albelda, Lucia"]
[Result "1-0"]
[WhiteElo "1868"]
[BlackElo "1528"]
[PlyCount "43"]
[EventDate "2017.07.10"]
[EventType "swiss"]
[EventRounds "9"]
[EventCountry "ESP"]
[SourceTitle "EXT 2024"]
[Source "ChessBase"]
[SourceDate "2023.10.10"]
[SourceVersion "1"]
[SourceVersionDate "2023.10.10"]
[SourceQuality "1"]

1. e4 c5 2. Nf3 d6 3. d4 cxd4 4. Nxd4 Nf6 5. Nc3 g6 6. Be3 Bg7 7. f3 0-0 8. Bc4 Nc6 9. Qd2 a6 10. h4 Bd7 11. 0-0-0 b5 12. Bb3 Rc8 13. g4 Na5 14. h5 Nxb3+ 15. axb3 Qa5 16. Kb1 Ra8 17. Bh6 Bxh6 18. Qxh6 e6 19. e5 dxe5 20. Ne4 Nxe4 21. fxe4 g5 22. Qxg5+ 1-0

[Event "ESP-ch U12"]
[Site "Granada"]
[Date "2016.07.09"]
[Round "9"]
[White "Ingunza Curro, Andres"]
[Black "Villalba Embid, Marcos"]
[Result "0-1"]
[WhiteElo "1740"]
[BlackElo "1639"]
[PlyCount "84"]
[EventDate "2016.07.04"]
[EventType "swiss"]
[EventRounds "9"]
[EventCountry "ESP"]
[SourceTitle "EXT 2024"]
[Source "ChessBase"]
[SourceDate "2023.10.10"]
[SourceVersion "1"]
[SourceVersionDate "2023.10.10"]
[SourceQuality "1"]

1. e4 c5 2. Nc3 Nc6 3. f4 g6 4. Nf3 Bg7 5. Bc4 e6 6. 0-0 Nge7 7. d3 0-0 8. Qe1 f5 9. e5 a6 10. a4 b6 11. Be3 Nb4 12. Qf2 Nbd5 13. Nxd5 Nxd5 14. Bxd5 exd5 15. c3 Bb7 16. a5 Rc8 17. Rfb1 d6 18. b4 dxe5 19. fxe5 d4 20. cxd4 Bxf3 21. Qxf3 cxd4 22. Bf2 b5 23. Qf4 Rc3 24. Rd1 Rb3 25. Bxd4 Rxb4 26. Rac1 Qxd4+ 27. Qxd4 Rxd4 28. Rc6 Bxe5 29. Rxa6 Rd6 30. Ra7 Bd4+ 31. Kf1 Bxa7 32. Rb1 Rb8 33. Ke2 b4 34. Kd2 Bd4 35. Rb3 Bc3+ 36. Kc2 Ra6 37. d4 Rxa5 38. Kd3 Rd5 39. Kc4 Rbd8 40. g3 Rxd4+ 41. Kb5 Rd2 42. Kc4 Rxh2 0-1

[Event "ESP-ch U12"]
[Site "Granada"]
[Date "2016.07.06"]
[Round "4"]
[White "Villalba Embid, Marcos"]
[Black "Gonzalez Manrique, Mario"]
[Result "0-1"]
[WhiteElo "1639"]
[BlackElo "1418"]
[PlyCount "135"]
[EventDate "2016.07.04"]
[EventType "swiss"]
[EventRounds "9"]
[EventCountry "ESP"]
[SourceTitle "EXT 2024"]
[Source "ChessBase"]
[SourceDate "2023.10.10"]
[SourceVersion "1"]
[SourceVersionDate "2023.10.10"]
[SourceQuality "1"]

1. e4 c5 2. Nf3 e6 3. g3 Nc6 4. Bg2 Qc7 5. 0-0 Nf6 6. Re1 d6 7. c3 g6 8. d3 Bg7 9. Nbd2 Bd7 10. Nf1 0-0 11. h4 h6 12. Bf4 e5 13. Be3 Qc8 14. Qd2 Ng4 15. Rad1 Nxe3 16. Nxe3 Re8 17. h5 g5 18. Nd5 Ne7 19. Nxe7+ Rxe7 20. Nh2 f5 21. exf5 Bxf5 22. Be4 Rf7 23. Qe2 Qe6 24. c4 Bxe4 25. dxe4 Raf8 26. Ng4 Rf3 27. Nh2 Rxf2 28. Qxf2 Rxf2 29. Kxf2 Bf8 30. b3 Qh3 31. Rh1 Qxh5 32. Rdf1 Qg6 33. Ke3 g4 34. Rf5 Be7 35. Rhf1 a6 36. R1f2 b5 37. Nf1 Qe6 38. Kd3 bxc4+ 39. bxc4 Qc8 40. Ne3 Qb7 41. Nd5 Qb1+ 42. Kc3 Qe1+ 43. Kb2 Bg5 44. Rf8+ Kg7 45. R8f7+ Kg6 46. Nc3 Qc1+ 47. Kb3 Qe3 48. Kc2 Qxg3 49. Nd5 Bf4 50. Rf6+ Kg5 51. Rf5+ Kh4 52. Re2 Qf3 53. Nxf4 exf4 54. Kd2 g3 55. Rf8 Qg4 56. Re1 f3 57. Rh1+ Qh3 58. Rf4+ Kg5 59. Rf5+ Qxf5 60. exf5 Kg4 61. f6 f2 62. f7 g2 63. f8Q gxh1Q 64. Qxf2 Qf3 65. Qg1+ Qg3 66. Qd1+ Kf5 67. Qf1+ Qf4+ 68. Ke1 0-1

[Event "ESP-ch U12"]
[Site "Granada"]
[Date "2016.07.05"]
[Round "3"]
[White "Perez Beltran, Salvador"]
[Black "Villalba Embid, Marcos"]
[Result "1-0"]
[WhiteElo "1939"]
[BlackElo "1639"]
[PlyCount "79"]
[EventDate "2016.07.04"]
[EventType "swiss"]
[EventRounds "9"]
[EventCountry "ESP"]
[SourceTitle "EXT 2024"]
[Source "ChessBase"]
[SourceDate "2023.10.10"]
[SourceVersion "1"]
[SourceVersionDate "2023.10.10"]
[SourceQuality "1"]

1. d4 Nf6 2. Nf3 g6 3. c4 Bg7 4. Nc3 0-0 5. e4 d6 6. Be2 e5 7. Be3 Nc6 8. d5 Ne7 9. Nd2 Nd7 10. g4 a6 11. Qb3 Nc5 12. Bxc5 dxc5 13. 0-0-0 Rb8 14. a4 Bd7 15. Qa3 b6 16. h4 Nc8 17. Rdg1 Nd6 18. g5 b5 19. axb5 axb5 20. cxb5 Nxb5 21. Bxb5 Bxb5 22. Qxc5 Qd7 23. Kc2 Rfe8 24. Ra1 Bf8 25. Qe3 Rb6 26. h5 Reb8 27. hxg6 fxg6 28. Rhb1 Bd6 29. b3 Qe7 30. Nxb5 Rxb5 31. Nc4 Bc5 32. Qd2 Bd4 33. Ra6 Qc5 34. Qd3 Rf8 35. f3 Rb6 36. Ra5 Rb5 37. b4 Rxf3 38. bxc5 Rxd3 39. Raxb5 Rc3+ 40. Kd2 1-0